[Event "Yalta Yialos op"]
[Site "Yalta"]
[Date "2022.09.12"]
[Round "9"]
[White "Kobylkin, Evgeni"]
[Black "Truskavetsky, Alexandr"]
[Result "0-1"]
[WhiteElo "2313"]
[BlackElo "2370"]
[PlyCount "60"]
[EventDate "2022.09.04"]
[EventType "swiss"]
[EventRounds "9"]
[EventCountry "UKR"]
[SourceTitle "CBM 210 Extra"]
[Source "ChessBase"]
[SourceDate "2022.11.30"]
[SourceVersion "1"]
[SourceVersionDate "2022.11.30"]
[SourceQuality "1"]

1. d4 Nf6 2. c4 c5 3. d5 b5 4. cxb5 a6 5. bxa6 g6 6. Nc3 Bg7 7. e4 0-0 8. Nf3 Qa5 9. Bd3 Nxd5 10. exd5 Bxc3+ 11. bxc3 Qxc3+ 12. Qd2 Qxa1 13. 0-0 Qg7 14. Re1 f6 15. Bb2 d6 16. h4 Nd7 17. h5 Ne5 18. Nxe5 fxe5 19. hxg6 hxg6 20. Qa5 Qf7 21. f3 Qf4 22. Re4 Qg3 23. Bc3 Bh3 24. Re2 Rxf3 25. Be1 Qg4 26. Bb5 Raf8 27. Rc2 Qd4+ 28. Kh1 Bxg2+ 29. Kxg2 Qg4+ 30. Kh1 Qh3+ 0-1

[Event "Yalta Yialos op"]
[Site "Yalta"]
[Date "2022.09.08"]
[Round "5"]
[White "Iljin, Timofey"]
[Black "Kobylkin, Evgeni"]
[Result "1-0"]
[WhiteElo "2335"]
[BlackElo "2313"]
[PlyCount "81"]
[EventDate "2022.09.04"]
[EventType "swiss"]
[EventRounds "9"]
[EventCountry "UKR"]
[SourceTitle "CBM 210 Extra"]
[Source "ChessBase"]
[SourceDate "2022.11.30"]
[SourceVersion "1"]
[SourceVersionDate "2022.11.30"]
[SourceQuality "1"]

1. d4 Nf6 2. c4 g6 3. Nc3 Bg7 4. e4 d6 5. Nf3 0-0 6. Be2 e5 7. 0-0 Nc6 8. d5 Ne7 9. b4 a5 10. bxa5 Rxa5 11. a4 c5 12. Bd2 Ra6 13. Ne1 Ne8 14. Ra3 f5 15. exf5 gxf5 16. f4 Ng6 17. Nd3 Kh8 18. fxe5 Nxe5 19. Nf4 Nf6 20. Ne6 Bxe6 21. dxe6 Qe7 22. Nd5 Qxe6 23. Nc7 Qd7 24. Nxa6 bxa6 25. Bc3 Ne4 26. Ba1 Qe6 27. Qc2 Nc6 28. Bxg7+ Kxg7 29. Bf3 Nd4 30. Qd3 Qg6 31. Raa1 Re8 32. Rae1 Re5 33. Re3 h5 34. Bxe4 fxe4 35. Qb1 h4 36. Qb7+ Kh6 37. Rf8 Nc2 38. Rh3 e3 39. Rxh4+ Kg5 40. Rg4+ Kxg4 41. Qf3+ 1-0

[Event "Lugansk-A"]
[Site "Lugansk"]
[Date "2007.10.??"]
[Round "2"]
[White "Kiselev, Vitaliy1111"]
[Black "Kobylkin, Evgeni"]
[Result "1-0"]
[WhiteElo "2505"]
[BlackElo "2347"]
[PlyCount "53"]
[EventDate "2007.10.??"]
[EventType "tourn"]
[EventRounds "17"]
[EventCountry "UKR"]
[EventCategory "6"]
[SourceTitle "EXT 2009"]
[Source "ChessBase"]
[SourceDate "2008.11.26"]
[SourceVersion "1"]
[SourceVersionDate "2008.11.26"]
[SourceQuality "1"]

1. e4 e6 2. d4 d5 3. Nc3 Nf6 4. e5 Nfd7 5. f4 c5 6. Nf3 Nc6 7. Be3 a6 8. Qd2 b5 9. dxc5 Bxc5 10. Bxc5 Nxc5 11. Bd3 b4 12. Ne2 a5 13. Ned4 Nxd4 14. Nxd4 Qb6 15. Qe3 Ba6 16. 0-0 0-0 17. f5 Nxd3 18. cxd3 exf5 19. Rxf5 Rac8 20. Raf1 Qc5 21. e6 f6 22. g4 h6 23. h4 a4 24. g5 hxg5 25. hxg5 fxg5 26. Rf7 Qd6 27. Qxg5 1-0

[Event "Lugansk-A"]
[Site "Lugansk"]
[Date "2007.10.??"]
[Round "13"]
[White "Kobylkin, Evgeni"]
[Black "Bryzgalin, Kirill"]
[Result "0-1"]
[WhiteElo "2347"]
[BlackElo "2512"]
[PlyCount "96"]
[EventDate "2007.10.??"]
[EventType "tourn"]
[EventRounds "17"]
[EventCountry "UKR"]
[EventCategory "6"]
[SourceTitle "EXT 2009"]
[Source "ChessBase"]
[SourceDate "2008.11.26"]
[SourceVersion "1"]
[SourceVersionDate "2008.11.26"]
[SourceQuality "1"]

1. d4 Nf6 2. c4 e6 3. Nf3 Bb4+ 4. Bd2 a5 5. Nc3 0-0 6. e3 d6 7. Qc2 Re8 8. a3 Bxc3 9. Bxc3 Nbd7 10. Be2 b6 11. 0-0 Bb7 12. Nd2 e5 13. dxe5 Nxe5 14. Rae1 a4 15. f3 Qe7 16. e4 Ned7 17. Bd3 Nc5 18. Bd4 Nfd7 19. Kh1 Nxd3 20. Qxd3 Nc5 21. Qc2 f6 22. Rd1 Qf7 23. Nb1 Nb3 24. Bg1 Ba6 25. Rd5 Qd7 26. Nd2 Qc6 27. Nxb3 axb3 28. Qd2 Bxc4 29. Rc1 b5 30. Rd4 Re5 31. Be3 Qd7 32. Bf4 Ree8 33. Qc3 f5 34. e5 d5 35. Qb4 Qe7 36. Qxe7 Rxe7 37. Re1 c5 38. Rd2 Kf7 39. Kg1 Ke6 40. Kf2 Rb7 41. h4 b4 42. axb4 Rxb4 43. h5 Ra6 44. h6 g6 45. Bg5 d4 46. Bf4 Bb5 47. Bg5 Rc4 48. Bf4 Ra2 0-1

[Event "Lugansk-A"]
[Site "Lugansk"]
[Date "2007.10.??"]
[Round "10"]
[White "Kobylkin, Evgeni"]
[Black "Khlian, Eduard"]
[Result "0-1"]
[WhiteElo "2347"]
[BlackElo "2444"]
[PlyCount "108"]
[EventDate "2007.10.??"]
[EventType "tourn"]
[EventRounds "17"]
[EventCountry "UKR"]
[EventCategory "6"]
[SourceTitle "EXT 2009"]
[Source "ChessBase"]
[SourceDate "2008.11.26"]
[SourceVersion "1"]
[SourceVersionDate "2008.11.26"]
[SourceQuality "1"]

1. d4 Nf6 2. c4 e6 3. g3 d5 4. Bg2 dxc4 5. Nf3 Nc6 6. Qa4 Bb4+ 7. Bd2 Nd5 8. Bxb4 Ndxb4 9. a3 b5 10. Qxb5 Nc2+ 11. Kd1 Bd7 12. Kxc2 Nxd4+ 13. Nxd4 Bxb5 14. Nxb5 Rb8 15. N1c3 a6 16. Rhd1 Qf6 17. Nxc7+ Kf8 18. Nxa6 Rc8 19. f4 Qh6 20. h3 e5 21. Nb4 exf4 22. gxf4 Qxf4 23. Rd2 Qg3 24. Bf3 Qxh3 25. Rad1 Qf5+ 26. Kc1 g6 27. Rd7 Kg7 28. Ne4 Rc7 29. R7d4 h5 30. Nd5 Ra7 31. Rxc4 h4 32. Bh1 Rc8 33. Rxc8 Qxc8+ 34. Kb1 f5 35. Ng5 Kh6 36. Nf3 g5 37. Rc1 Qd7 38. Rd1 Ra5 39. Nc3 Qf7 40. Kc2 h3 41. a4 Rc5 42. Nd2 g4 43. Nb3 Re5 44. Nc1 g3 45. Bf3 f4 46. Rh1 h2 47. Nd3 Re8 48. a5 Qc4 49. b3 Qd4 50. b4 Rc8 51. Nc5 Qxb4 52. N5e4 Qxa5 53. e3 Qa2+ 54. Kd3 Rd8+ 0-1

[Event "Voronezh op"]
[Site "Voronezh"]
[Date "2005.06.21"]
[Round "9"]
[White "Kobylkin, Evgeni"]
[Black "Bryzgalin, Kirill"]
[Result "1/2-1/2"]
[WhiteElo "2418"]
[BlackElo "2464"]
[PlyCount "75"]
[EventDate "2005.06.12"]
[EventType "swiss"]
[EventRounds "9"]
[EventCountry "RUS"]
[SourceTitle "CBM 106 Extra"]
[Source "ChessBase"]
[SourceDate "2005.07.01"]
[SourceVersion "1"]
[SourceVersionDate "2005.07.01"]
[SourceQuality "1"]

1. d4 Nf6 2. c4 e6 3. g3 Bb4+ 4. Bd2 Qe7 5. Nf3 0-0 6. Nc3 Bxc3 7. Bxc3 Ne4 8. Rc1 Nxc3 9. Rxc3 b6 10. Bg2 Bb7 11. 0-0 d6 12. Qc2 f5 13. c5 bxc5 14. dxc5 Na6 15. c6 Bc8 16. Nd4 e5 17. Nb5 Nc5 18. b4 Ne6 19. Ra3 a6 20. Nc3 Rb8 21. Nd5 Qf7 22. Qc4 Kh8 23. Nc3 e4 24. f3 Nd8 25. Nd5 Nxc6 26. Qxc6 Bb7 27. Qxc7 Qxd5 28. fxe4 fxe4 29. Rd3 Qxa2 30. Rxd6 Qxe2 31. Qe7 Rg8 32. Re6 Qe3+ 33. Kh1 Bd5 34. Re5 Qd3 35. Kg1 Qd4+ 36. Kh1 Bc6 37. Rh5 Rb5 38. Rxh7+ 1/2-1/2

[Event "Voronezh op"]
[Site "Voronezh"]
[Date "2005.06.18"]
[Round "6"]
[White "Lastin, Alexander"]
[Black "Kobylkin, Evgeni"]
[Result "1-0"]
[WhiteElo "2590"]
[BlackElo "2418"]
[PlyCount "77"]
[EventDate "2005.06.12"]
[EventType "swiss"]
[EventRounds "9"]
[EventCountry "RUS"]
[SourceTitle "CBM 106 Extra"]
[Source "ChessBase"]
[SourceDate "2005.07.01"]
[SourceVersion "1"]
[SourceVersionDate "2005.07.01"]
[SourceQuality "1"]

1. d4 Nf6 2. c4 g6 3. Nc3 Bg7 4. e4 0-0 5. Nf3 d6 6. Be2 e5 7. 0-0 Nc6 8. d5 Ne7 9. Ne1 Nd7 10. Be3 f5 11. f3 f4 12. Bf2 g5 13. Rc1 a6 14. Nd3 Rf6 15. c5 Rh6 16. Na4 Qe8 17. g4 fxg3 18. Bxg3 Ng6 19. Kh1 Nf4 20. Rg1 Nf6 21. cxd6 b5 22. Rxc7 bxa4 23. Re7 Qh5 24. Nxf4 gxf4 25. Bxf4 exf4 26. Rgxg7+ Kh8 27. Qg1 Bd7 28. e5 Bb5 29. exf6 Bxe2 30. Rxe2 Qxf3+ 31. Qg2 Qxg2+ 32. Rexg2 Rxf6 33. d7 Rff8 34. Re7 f3 35. Rgg7 Rf5 36. Rgf7 Rxf7 37. Rxf7 Kg8 38. Re7 f2 39. Kg2 1-0

[Event "Voronezh op"]
[Site "Voronezh"]
[Date "2005.06.15"]
[Round "4"]
[White "Kobylkin, Evgeni"]
[Black "Vorobiov, Evgeny E"]
[Result "1-0"]
[WhiteElo "2418"]
[BlackElo "2550"]
[PlyCount "69"]
[EventDate "2005.06.12"]
[EventType "swiss"]
[EventRounds "9"]
[EventCountry "RUS"]
[SourceTitle "CBM 106 Extra"]
[Source "ChessBase"]
[SourceDate "2005.07.01"]
[SourceVersion "1"]
[SourceVersionDate "2005.07.01"]
[SourceQuality "1"]

1. d4 d5 2. c4 dxc4 3. e4 Nc6 4. Nf3 Bg4 5. Bxc4 e6 6. Be3 Qf6 7. Bb5 Bb4+ 8. Nc3 Nge7 9. h3 Bxf3 10. Qxf3 Qxf3 11. gxf3 0-0-0 12. 0-0-0 a6 13. Be2 Rd7 14. a3 Ba5 15. d5 exd5 16. exd5 Nb8 17. b4 Bb6 18. Bxb6 cxb6 19. d6 Nf5 20. Nd5 Rxd6 21. Ne7+ Nxe7 22. Rxd6 Kc7 23. Rhd1 b5 24. f4 Re8 25. Bf3 Ng6 26. R6d4 Re7 27. f5 Ne5 28. Bd5 Nbd7 29. Re4 Nb6 30. f4 Nxd5 31. Rxe5 Rxe5 32. fxe5 Ne3 33. f6 gxf6 34. Rd3 Ng2 35. Rf3 1-0

[Event "RUS South Region-ch op"]
[Site "Belorechensk"]
[Date "2005.06.??"]
[Round "?"]
[White "Chashchev, Sergey"]
[Black "Kobylkin, Evgeni"]
[Result "0-1"]
[WhiteElo "2310"]
[BlackElo "2412"]
[PlyCount "82"]
[EventDate "2005.06.??"]
[EventType "swiss"]
[EventRounds "9"]
[EventCountry "RUS"]
[SourceTitle "EXT 2007"]
[Source "ChessBase"]
[SourceDate "2006.11.23"]
[SourceVersion "1"]
[SourceVersionDate "2006.11.23"]
[SourceQuality "1"]

1. d4 Nf6 2. Nf3 g6 3. c4 Bg7 4. Nc3 0-0 5. Bf4 c5 6. e3 cxd4 7. exd4 d5 8. Be5 Bg4 9. cxd5 Nxd5 10. Bxg7 Kxg7 11. Be2 Nc6 12. Qd2 Qd6 13. h3 Bxf3 14. Bxf3 Nf6 15. Bxc6 Qxc6 16. 0-0 Rfd8 17. Qe3 Rd7 18. Rad1 Rad8 19. Rd2 Nd5 20. Nxd5 Qxd5 21. a3 e5 22. Rfd1 exd4 23. Rxd4 Qxd4 24. Rxd4 Rxd4 25. Qe5+ Kg8 26. g4 h6 27. Qe3 g5 28. Qe7 R8d7 29. Qe8+ Kh7 30. Kg2 a6 31. Kg3 R4d5 32. h4 Kg7 33. h5 R7d6 34. Qe4 Rb5 35. b4 Rf6 36. a4 Rbb6 37. Qd4 Rbd6 38. Qe4 b6 39. a5 b5 40. Qe5 Rd3+ 41. Kg2 Rdf3 0-1

[Event "RUS South Region-ch op"]
[Site "Belorechensk"]
[Date "2005.06.??"]
[Round "?"]
[White "Kondenko, Alexey"]
[Black "Kobylkin, Evgeni"]
[Result "1/2-1/2"]
[WhiteElo "2325"]
[BlackElo "2412"]
[PlyCount "59"]
[EventDate "2005.06.??"]
[EventType "swiss"]
[EventRounds "9"]
[EventCountry "RUS"]
[SourceTitle "EXT 2007"]
[Source "ChessBase"]
[SourceDate "2006.11.23"]
[SourceVersion "1"]
[SourceVersionDate "2006.11.23"]
[SourceQuality "1"]

1. e4 e6 2. d4 d5 3. Nc3 Nf6 4. Bg5 Bb4 5. e5 h6 6. Bd2 Bxc3 7. bxc3 Ne4 8. Qg4 g6 9. Qf4 c5 10. h4 Bd7 11. Rh3 Bc6 12. Bc1 cxd4 13. Bd3 dxc3 14. Ne2 Nd7 15. Bxe4 dxe4 16. Ba3 Qb6 17. Rxc3 0-0-0 18. 0-0-0 Qb5 19. Nd4 Qa5 20. Rxc6+ bxc6 21. Bd6 Qxa2 22. Nb3 f5 23. exf6 Nb6 24. Qe5 Nc4 25. Qxe6+ Rd7 26. Be5 Nxe5 27. Rxd7 Nxd7 28. Qxc6+ Kb8 29. Qd6+ Kc8 30. Qc6+ 1/2-1/2

[Event "Krasnodar"]
[Site "Krasnodar"]
[Date "2005.05.??"]
[Round "?"]
[White "Kobylkin, Evgeni"]
[Black "Poluljahov, Aleksandr"]
[Result "0-1"]
[WhiteElo "2398"]
[BlackElo "2511"]
[PlyCount "60"]
[EventDate "2005.05.??"]
[EventType "tourn"]
[EventRounds "11"]
[EventCountry "RUS"]
[EventCategory "8"]
[SourceTitle "EXT 2006"]
[Source "ChessBase"]
[SourceDate "2005.11.24"]
[SourceVersion "1"]
[SourceVersionDate "2005.11.24"]
[SourceQuality "1"]

1. d4 Nf6 2. c4 e6 3. g3 c5 4. d5 exd5 5. cxd5 b5 6. Bg2 d6 7. b4 Nbd7 8. Nf3 Bb7 9. bxc5 dxc5 10. Nh4 Bd6 11. Bb2 g6 12. 0-0 0-0 13. e4 Re8 14. Nd2 c4 15. Nhf3 Rc8 16. Rc1 Nc5 17. e5 Nd3 18. Bd4 Nxe5 19. Ng5 Ba3 20. Nde4 Nxe4 21. Nxe4 Bxd5 22. Rc2 Bxe4 23. Bxe4 Nd3 24. Bxd3 Qxd4 25. Be2 Qxd1 26. Rxd1 Rcd8 27. Rb1 Re5 28. Kf1 a6 29. Bf3 Rd6 30. Bb7 Kf8 0-1

[Event "Poltavskaya"]
[Site "Poltavskaya"]
[Date "2005.01.??"]
[Round "?"]
[White "Brineva, Elena G"]
[Black "Kobylkin, Evgeni"]
[Result "1/2-1/2"]
[WhiteElo "2164"]
[BlackElo "2398"]
[PlyCount "133"]
[EventDate "2005.01.??"]
[EventType "tourn"]
[EventRounds "13"]
[EventCountry "RUS"]
[SourceTitle "EXT 2006"]
[Source "ChessBase"]
[SourceDate "2005.11.24"]
[SourceVersion "1"]
[SourceVersionDate "2005.11.24"]
[SourceQuality "1"]

1. c4 g6 2. g3 Bg7 3. Bg2 d6 4. d4 Nf6 5. Nf3 0-0 6. 0-0 Nc6 7. Nc3 a6 8. e4 e5 9. dxe5 Nxe5 10. Nxe5 dxe5 11. Qxd8 Rxd8 12. Nd5 Ne8 13. Be3 Be6 14. Rad1 c6 15. Nb6 Rab8 16. b3 Bf8 17. f4 exf4 18. gxf4 Bg4 19. Rxd8 Rxd8 20. h3 Bh5 21. Na4 Rd3 22. Bc5 Bh6 23. f5 Be3+ 24. Bxe3 Rxe3 25. Nc5 Nd6 26. fxg6 hxg6 27. Nd7 Kg7 28. e5 Nf5 29. Nc5 Rxe5 30. Nxb7 Ne3 31. Re1 Nxc4 32. Rxe5 Nxe5 33. Nc5 Kf6 34. Nxa6 Ke6 35. Nc5+ Kd6 36. b4 Nc4 37. a4 f5 38. a5 Nxa5 39. bxa5 Kxc5 40. a6 Kb6 41. a7 Kxa7 42. Bxc6 Kb6 43. Be8 Kc5 44. Kf2 Kd4 45. Bc6 Ke5 46. Ke3 f4+ 47. Kf2 Kf5 48. Bd7+ Kg5 49. Be6 Bd1 50. Bd7 Kh4 51. Be6 g5 52. Bd7 Bb3 53. Bg4 Bc4 54. Bd7 Bd5 55. Bg4 Be4 56. Bd7 Kh5 57. Bg4+ Kg6 58. Be2 Kf6 59. Bf1 Kg7 60. Be2 Kg6 61. Bd1 Bf5 62. Kg2 Kf6 63. Be2 Be6 64. Bf1 Kf5 65. Kf3 Kg6 66. h4 Bd5+ 67. Kg4 1/2-1/2

[Event "Poltavskaya"]
[Site "Poltavskaya"]
[Date "2005.01.??"]
[Round "?"]
[White "Kobylkin, Evgeni"]
[Black "Mamonova, Yulia"]
[Result "1-0"]
[WhiteElo "2398"]
[BlackElo "2211"]
[PlyCount "63"]
[EventDate "2005.01.??"]
[EventType "tourn"]
[EventRounds "13"]
[EventCountry "RUS"]
[SourceTitle "EXT 2006"]
[Source "ChessBase"]
[SourceDate "2005.11.24"]
[SourceVersion "1"]
[SourceVersionDate "2005.11.24"]
[SourceQuality "1"]

1. d4 d5 2. c4 c6 3. cxd5 cxd5 4. Nc3 Nf6 5. Bf4 e6 6. Nf3 Be7 7. e3 0-0 8. h3 Qb6 9. a3 Bd7 10. b4 Ne4 11. Nxe4 dxe4 12. Nd2 Bc6 13. Qc2 f5 14. Bc4 Bb5 15. 0-0 Nd7 16. Rfc1 Rfc8 17. Qb3 Nf8 18. Rc3 Bxc4 19. Nxc4 Qd8 20. Rac1 Qd5 21. Nd2 Rxc3 22. Rxc3 Qb5 23. Be5 Rd8 24. Rc7 Rd7 25. Qc3 Rxc7 26. Qxc7 Qd7 27. Qb8 a6 28. Nc4 Kf7 29. Bd6 Ng6 30. Bxe7 Qxe7 31. Nd6+ Kf6 32. Nxb7 1-0

[Event "Poltavskaya"]
[Site "Poltavskaya"]
[Date "2005.01.??"]
[Round "?"]
[White "Pudovkin, Dmitry"]
[Black "Kobylkin, Evgeni"]
[Result "1/2-1/2"]
[WhiteElo "2349"]
[BlackElo "2398"]
[PlyCount "34"]
[EventDate "2005.01.??"]
[EventType "tourn"]
[EventRounds "13"]
[EventCountry "RUS"]
[SourceTitle "EXT 2006"]
[Source "ChessBase"]
[SourceDate "2005.11.24"]
[SourceVersion "1"]
[SourceVersionDate "2005.11.24"]
[SourceQuality "1"]

1. d4 Nf6 2. c4 g6 3. Nc3 Bg7 4. e4 d6 5. Nf3 0-0 6. Be2 e5 7. 0-0 Nc6 8. d5 Ne7 9. Ne1 Nd7 10. Be3 f5 11. f3 f4 12. Bf2 g5 13. Rc1 Ng6 14. b4 Nf6 15. c5 Rf7 16. cxd6 cxd6 17. a4 h5 1/2-1/2

[Event "Krasnodar 11"]
[Site "Krasnodar"]
[Date "2004.11.??"]
[Round "3"]
[White "Dashko, Andrey"]
[Black "Kobylkin, Evgeni"]
[Result "0-1"]
[WhiteElo "2361"]
[BlackElo "2443"]
[PlyCount "55"]
[EventDate "2004.11.??"]
[EventType "swiss"]
[EventRounds "11"]
[EventCountry "RUS"]
[SourceTitle "EXT 2006"]
[Source "ChessBase"]
[SourceDate "2005.11.24"]
[SourceVersion "1"]
[SourceVersionDate "2005.11.24"]
[SourceQuality "1"]

1. e4 e6 2. Qe2 d5 3. exd5 Qxd5 4. Nc3 Qd8 5. Nf3 Nf6 6. d4 Be7 7. g4 0-0 8. g5 Nd5 9. Ne4 b6 10. c4 Ba6 11. Bg2 Bb4+ 12. Kd1 Nc6 13. Kc2 Nde7 14. a3 Nf5 15. Rd1 Be7 16. Kc3 Na5 17. b3 c5 18. Ng3 Nd6 19. dxc5 bxc5 20. Ne5 Rb8 21. Rb1 Nxb3 22. Nc6 Nd4 23. Rxd4 cxd4+ 24. Kxd4 Nb5+ 25. Ke3 Bc5+ 26. Kf4 Qc7+ 27. Kg4 Nc3 28. Qd3 0-1

[Event "Krasnodar 11"]
[Site "Krasnodar"]
[Date "2004.11.??"]
[Round "5"]
[White "Furtuna, Alexei"]
[Black "Kobylkin, Evgeni"]
[Result "0-1"]
[WhiteElo "2356"]
[BlackElo "2443"]
[PlyCount "70"]
[EventDate "2004.11.??"]
[EventType "swiss"]
[EventRounds "11"]
[EventCountry "RUS"]
[SourceTitle "EXT 2006"]
[Source "ChessBase"]
[SourceDate "2005.11.24"]
[SourceVersion "1"]
[SourceVersionDate "2005.11.24"]
[SourceQuality "1"]

1. Nf3 Nf6 2. c4 g6 3. Nc3 Bg7 4. e4 d6 5. d4 0-0 6. Be2 e5 7. dxe5 dxe5 8. Qxd8 Rxd8 9. Bg5 Re8 10. Nd5 Nxd5 11. cxd5 c6 12. Bc4 b5 13. Bb3 Bb7 14. 0-0-0 Nd7 15. dxc6 Bxc6 16. Bd5 Rac8 17. Kb1 Nc5 18. Rhe1 Bxd5 19. Rxd5 f6 20. Be3 Nxe4 21. Rxb5 a6 22. Rb7 Nd6 23. Rd7 Nc4 24. Bc1 f5 25. Nd2 Nb6 26. Rb7 Rb8 27. Rxb8 Rxb8 28. Re3 e4 29. Rb3 Bd4 30. f3 e3 31. Nc4 e2 32. Bd2 Rd8 33. Nxb6 Bxb6 34. Bb4 Bf2 35. Ra3 Bc5 0-1